000 00211 a2200097 4500
001 37910
100 _aRobinson A
245 _aCracking the GRE
260 _aIndia
_bRandom House
_c1998
090 _c24094
_d24094
942 _aNUST-CAE
_cM
_c15663
999 _c272983
_d272983